| 000 | 00555nam a22002057a 4500 | ||
|---|---|---|---|
| 003 | DO-SdBNP | ||
| 005 | 20230911110723.0 | ||
| 007 | ta | ||
| 008 | 201125b 2008 dr ac 00| 0 eng d | ||
| 020 | _a9789945067026 | ||
| 040 |
_aDO-SdBNP _bspa _cBNPHU |
||
| 082 | 4 | _222 | |
| 100 | 1 |
_aRojo, Eugenia _9364 |
|
| 245 | 1 | 3 |
_aEl libro Rojo de Eugenia : _bsu cocina / _cEugenia Rojo |
| 260 |
_aSanto Domingo : _bEditora Tele-3 _c2008. |
||
| 300 |
_a336 p. : _bil., retrs. ; _c24 cm. |
||
| 590 | _aInventariado, 2020 /LP | ||
| 910 | _aLP | ||
| 942 |
_2ddc _cLBS1 |
||
| 999 |
_c49199 _d49199 |
||